Patients and their hospitals : a survey of patients' views of life in hospital.

保存先:
書誌詳細
第一著者: Raphael, Winifred, 1898-1978
フォーマット: 図書
言語:English
出版事項: Lond. : King Edward's Hospital Fund, 1969.
シリーズ:King's Fund report
主題:
LEADER 00922nam a22002411 4500
001 c000194330
003 CARM
005 20021125001700.0
008 851003s1969 enk 0 eng d
019 1 |a 3962501  |5 LACONCORD2021 
035 |a (OCoLC)216893340  |5 LACONCORD2021 
100 1 |a Raphael, Winifred,  |d 1898-1978. 
245 1 0 |a Patients and their hospitals :  |b a survey of patients' views of life in hospital. 
260 |a Lond. :  |b King Edward's Hospital Fund,  |c 1969. 
300 |a 40pp. 
440 0 |a King's Fund report 
500 |a Questionnaire in pocket at back. 
650 0 |a Hospital patients  |z Great Britain. 
650 0 |a Hospital care  |z Great Britain. 
852 8 |b CARM  |h A2:AG20H0  |i F01094  |p 0308134  |f BK 
082 0 4 |a 362.11 
999 f f |i dacfe141-23b0-5e9a-a1cf-54e177013e93  |s 2a09ff5c-14d0-5abe-b7eb-177afd974a4a 
952 f f |p Can circulate  |a CAVAL  |b CAVAL  |c CAVAL  |d CARM 1 Store  |e F01094  |f A2:AG20H0  |h Other scheme  |i book  |m 0308134